LEADER 01539oam 2200457 a 450 001 9910696191803321 005 20070830085238.0 035 $a(CKB)5470000002374889 035 $a(OCoLC)53004862 035 $a(OCoLC)748831436 035 $a(EXLCZ)995470000002374889 100 $a20030910d2002 ua 0 101 0 $aeng 135 $aurmn||||||||| 181 $ctxt$2rdacontent 182 $cc$2rdamedia 183 $acr$2rdacarrier 200 00$aConservation Reserve Enhancement Program, Florida State$b[electronic resource] 210 1$aWashington, D.C. :$cU.S.Dept. of Agriculture, Farm Service Agency,$d[2002] 215 $a3 pages $cdigital, PDF file 225 1 $aFact sheet 300 $aTitle from PDF title screen (viewed on Aug. 30, 2007). 300 $a"Farm Service Agency online"--HTML version. 300 $a"November 2002." 300 $a"Electronic edition"--HTML version. 517 $aConservation Reserve Enhancement Program 606 $aAgricultural conservation$zFlorida 606 $aConservation of natural resources$zFlorida 606 $aEnvironmental protection$zFlorida 615 0$aAgricultural conservation 615 0$aConservation of natural resources 615 0$aEnvironmental protection 712 02$aUnited States.$bFarm Service Agency. 801 0$bAGL 801 1$bAGL 801 2$bOCLCQ 801 2$bGPO 906 $aBOOK 912 $a9910696191803321 996 $aConservation Reserve Enhancement Program : Florida state$93118529 997 $aUNINA LEADER 01864nam 2200433 a 450 001 9910696955603321 005 20230902162029.0 035 $a(CKB)5470000002383335 035 $a(OCoLC)549167825 035 $a(EXLCZ)995470000002383335 100 $a20100309d2009 ua 0 101 0 $aeng 135 $aurmn||||||||| 181 $ctxt$2rdacontent 182 $cc$2rdamedia 183 $acr$2rdacarrier 200 10$aHomeland security$b[electronic resource] $eDHS's progress and challenges in key areas of maritime, aviation, and cybersecurity : statement before the Committee on Commerce, Science, and Transportation, U.S. Senate /$fstatement for the Record Cathleen A. Berrick 210 1$a[Washington, D.C.] :$cU.S. Govt. Accountability Office,$d[2009] 215 $a1 online resource (21 pages) 300 $aTitle from PDF title screen (GAO, viewed Mar. 3, 2010). 300 $a"For release ... December 2, 2009." 300 $a"GAO-10-106." 320 $aIncludes bibliographical references. 517 $aHomeland security 606 $aNational security$zUnited States 606 $aPorts of entry$xSecurity measures$xGovernment policy$zUnited States 606 $aAeronautics, Commercial$xSecurity measures$xGovernment policy$zUnited States 606 $aComputer networks$xSecurity measures$xGovernment policy$zUnited States 615 0$aNational security 615 0$aPorts of entry$xSecurity measures$xGovernment policy 615 0$aAeronautics, Commercial$xSecurity measures$xGovernment policy 615 0$aComputer networks$xSecurity measures$xGovernment policy 712 02$aUnited States.$bCongress.$bSenate.$bCommittee on Commerce, Science, and Transportation. 801 0$bGPO 801 1$bGPO 906 $aBOOK 912 $a9910696955603321 996 $aHomeland Security$91686681 997 $aUNINA